¿Por qué recordar? /
La Academia Universal de las Culturas es una organización fundada en París en noviembre de 1992, está integrada por escritores, artistas y humanistas, uno de sus impulsores fundadores es el escritor Elie Wiesel (1928-2016) sobreviviente del holocausto nazi y Premio Nobel de la Paz en 1996. Entre sus...
Guardado en:
| Autores corporativos: | , |
|---|---|
| Andre forfattere: | , |
| Format: | Procedimiento de la conferencia Bog |
| Sprog: | spansk |
| Udgivet: |
Barcelona, España :
Granica,
2002, c2002
|
| Serier: | (Granica Ensayo)
|
| Fag: | |
| Tags: |
Ingen Tags, Vær først til at tagge denne postø!
|
MARC
| LEADER | 00000nam^a2200000^a^4500 | ||
|---|---|---|---|
| 001 | 000570311 | ||
| 005 | 20250521000000.0 | ||
| 009 | 20260310132225.554 | ||
| 020 | |a 84-7577-909-3 | ||
| 037 | |a Acervo ITESO - Biblioteca | ||
| 041 | |a ESP | ||
| 082 | |a 300. |b ACA 1998 | ||
| 111 | |a Foro Internacional de la Academia Universal de las Culturas ( |n 3º : |d 1998 : |c París, Francia) | ||
| 240 | 1 | 1 | |a [Academia Universal de las Culturas] |
| 245 | 1 | 0 | |a ¿Por qué recordar? / |c Dir. de F. Barret-Ducrocq ; pref. de E. Wielsel ; tr. de Silvia Peña W. |
| 264 | 4 | |a Barcelona, España : |b Granica, |c 2002, c2002 | |
| 300 | |a 248 p. | ||
| 336 | |a texto |b txt |2 rdacontenido | ||
| 337 | |a sin mediación |b n |2 rdamedio | ||
| 338 | |a volumen |b nc |2 rdasoporte | ||
| 440 | 1 | |a (Granica Ensayo) | |
| 500 | |a Traducción de: Pourquoi se souvenir? | ||
| 520 | |a La Academia Universal de las Culturas es una organización fundada en París en noviembre de 1992, está integrada por escritores, artistas y humanistas, uno de sus impulsores fundadores es el escritor Elie Wiesel (1928-2016) sobreviviente del holocausto nazi y Premio Nobel de la Paz en 1996. Entre sus propósitos está el de reflexionar sobre el devenir del mundo y promover los medios para actuar contra la intolerancia, la xenofobia, el racismo, el antisemitismo y la discriminación. El presente documento son las memorias del Tercer Foro Internacional de la Academia Universal de las Culturas cuyo tema central es en torno al tema Memoria e historia. Se estudiaron cinco temas: Memorias plurales, Memoria y olvido, Casos de memoria, Memoria y futuro. | ||
| 649 | |a XX | ||
| 650 | |a Memoria y Olvido - |x Aspectos Sociales y Culturales | ||
| 650 | |a Memoria Social - |x Congresos - |x Tema Principal | ||
| 650 | |a Memoria - |x Filosofía | ||
| 650 | |a Valoración Patrimonial e Histórica | ||
| 650 | |a Archivos - |x Aspectos Sociales y Culturales | ||
| 650 | |a Historia | ||
| 650 | |a Política Internacional - |x Historia - |y Siglo XX | ||
| 650 | |a Sociología de la Cultura | ||
| 700 | |a Barret-Ducrocq, Françoise |e (dirección) | ||
| 700 | |a Wielsel, Elie |e (prefacio) | ||
| 711 | |a Foro Internacional Memoria e Historia ( |d 1998 : |c París, Francia ) | ||
| 910 | |a Fondo Castillo-Martínez | ||
| 920 | |a Impresos - Libros | ||
| 930 | |a Fondos Especiales | ||
| 905 | |a 127 | ||
| 901 | |a 0500344102 |b IT2 |c ESP |i D124909 |u 20250521 | ||
| 902 | |a https://opac.biblio.iteso.mx/vufind/Record/000570311 | ||